000
00352pam a2200157a 44500
008
230515b1998 xxu||||| |||| 00| 0 eng d
020
_a
NULL
041
_a
ENGLISH
082
_a
BEC
100
_a
BECKMAN E. W.
245
_a
FLOW CHARCTERISTICS OF ELKHORM RIVER
250
_a
NULL
260
_a
PUNE
_b
N/A
_c
1998
300
_a
20
650
_a
NULL
999
_c
661939
_d
661939